Online Catalogue and eLibrary

Sri Lankawe Getum Nirakaranaya Saha Saamaya Godanenveema : (Record no. 5751)

MARC details
000 -LEADER
fixed length control field 00442nam a2200157Ia 4500
005 - DATE AND TIME OF LATEST TRANSACTION
control field 20250623023335.0
008 - FIXED-LENGTH DATA ELEMENTS--GENERAL INFORMATION
fixed length control field 240331s9999 xx 000 0 und d
020 ## - INTERNATIONAL STANDARD BOOK NUMBER
ISBN 9789551772437
082 ## - DDC Classification
Class No. 323
Item Number - Author Mark SRI
245 #0 - TITLE STATEMENT
Title Sri Lankawe Getum Nirakaranaya Saha Saamaya Godanenveema :
Remainder of title Bouda Paryalokaya
250 ## - EDITION STATEMENT
Edition statement 2nd
260 ## - PUBLICATION, DISTRIBUTION, ETC.
Place of publication, distribution, etc. Colombo
Name of publisher, distributor, etc. Social Scientist Association
Date of publication, distribution, etc. 2009
300 ## - PHYSICAL DESCRIPTION
Extent (e.g. Volumes, Pages etc.) 160 p .,
700 ## - ADDED ENTRY--PERSONAL NAME
Personal name Uyangoda, J.
Relator term (Role) Editor
942 ## - Koha item type (Biblio)
Koha item type Books in Stacks (Lending)
Holdings
Lost status Damaged status Collection code Home library Current library Shelving location Date acquired Full call number Accession Number Item type
    Lending WERC Library WERC Library Social Science Cupboard 03/31/2024 323.4 6690 Books in Stacks (Lending)

© WERC Library